00877 a2200217 4500008004100000010001500041020002600056035001300082037001600095040001300111082001000124100003000134245013400164260002900298270010200327300002300429700002700452942002900479999001700508952013400525100602t xxu||||| |||| 00| 0 eng d aENG-103380 c395.00a9788189833671 aEN-86913 bDBAD / PUB aDPLbEng a570.1 aLewontin, Richard 932320 aBiology under the influence :cby Richard Lewontin [and] Richard Levinsbdialectical essys on ecology, agriculture, and health / aDelhibAakar Booksc2009 a28E Pocket 4, Mayur Vihar Phase 1, bDelhie110091k011-22795505l011-22795641maakarbooks@gmail. a400p.c24cm (pbk ) aLevins, Richard933770 adplcEN2ddcmLEWh570.1 c55190d55190 00102ddc40718NFICaDBADbDBADd2011-08-10eDBAD/PUBg395.00l0oLEWpEN-86913r2011-08-10 00:00:00t1v395.00w2011-08-10yEN